<?xml version="1.0" encoding="UTF-8"?>
<collection xmlns="http://www.loc.gov/MARC21/slim">
 <record>
  <leader>     na                 </leader>
  <controlfield tag="001">INLIS000000000000032</controlfield>
  <controlfield tag="005">20220331110648</controlfield>
  <datafield tag="035" ind1=" " ind2=" ">
   <subfield code="a">0010-0322000031</subfield>
  </datafield>
  <controlfield tag="007">ta</controlfield>
  <controlfield tag="008">220331                b          0 ind  </controlfield>
  <datafield tag="020" ind1=" " ind2=" ">
   <subfield code="a">978-602-407-433-3</subfield>
  </datafield>
  <datafield tag="082" ind1=" " ind2=" ">
   <subfield code="a">591</subfield>
  </datafield>
  <datafield tag="084" ind1=" " ind2=" ">
   <subfield code="a">591 ADI t</subfield>
  </datafield>
  <datafield tag="100" ind1="0" ind2=" ">
   <subfield code="a">Adib, Kak</subfield>
  </datafield>
  <datafield tag="245" ind1="1" ind2=" ">
   <subfield code="a">Tahukah Kamu Mengapa Kuda Tidur Berdiri? :</subfield>
   <subfield code="b">Plus Fakta menarik Lainnya Dari Dunia Binatang /</subfield>
   <subfield code="c">Seta</subfield>
  </datafield>
  <datafield tag="250" ind1=" " ind2=" ">
   <subfield code="a">Cetakan Pertama</subfield>
  </datafield>
  <datafield tag="260" ind1=" " ind2=" ">
   <subfield code="a">Yogyakarta :</subfield>
   <subfield code="b">Laksana,</subfield>
   <subfield code="c">2018</subfield>
  </datafield>
  <datafield tag="300" ind1=" " ind2=" ">
   <subfield code="a">108 hlm. :</subfield>
   <subfield code="b">berwarna ;</subfield>
   <subfield code="c">27 cm</subfield>
  </datafield>
  <datafield tag="700" ind1="0" ind2=" ">
   <subfield code="a">Seta (editor); Kira (pemeriksa aksara); Wiwid (ilustrator)</subfield>
  </datafield>
  <datafield tag="520" ind1=" " ind2=" ">
   <subfield code="a">Banyak sekali jenis hewan yang hidup di dunia ini. Ada yang hidup di darat, air, gurun hingga di tempat bersalju. Setiap hewan memiliki keunikannya masing-masing. Buku ini berisi kumpulan fakta unik mengenai dunia hewan. Mengulas secara ringkas dan padat alasan fakta-fakta unik tersebut. Dilengkapi dengan ilustras dan gambar-gambar yang menarik sehingga membuat pembaca semakin paham akan informasinya dan tidak akan bosan dalam membacanya.</subfield>
  </datafield>
  <datafield tag="600" ind1=" " ind2="4">
   <subfield code="a">Binatang - Bacaan kanak-kanak</subfield>
  </datafield>
  <datafield tag="990" ind1=" " ind2=" ">
   <subfield code="a">180503</subfield>
  </datafield>
 </record>
</collection>
